مكتبة جامعة عجلون الوطنية

فهرس بحث المكتبة

القبول بالمخاطرة في الأمور الطيبة كوسيلة لدفع المسؤولية المدنية : دراسة مقارنة = Acceptance of Risk in Medial Matters As A Means to Rebuttal Civil Library : A Comparative Study / (Record no. 33382)

MARC details
000 -LEADER
fixed length control field 00951nam a22001937a 4500
003 - CONTROL NUMBER IDENTIFIER
control field JO-AjAnu
005 - DATE AND TIME OF LATEST TRANSACTION
control field 20240401104933.0
008 - FIXED-LENGTH DATA ELEMENTS--GENERAL INFORMATION
fixed length control field 240331b jo ||||| |||| 00| 0 ara d
040 ## - CATALOGING SOURCE
Original cataloging agency JO-AjAnu
Transcribing agency ANU
041 #0 - LANGUAGE CODE
Language code of text/sound track or separate title ara
100 #1 - MAIN ENTRY--PERSONAL NAME
Personal name أحمد، محمود أحمد
Relator term مؤلف
9 (RLIN) 65204
245 #0 - TITLE STATEMENT
Title القبول بالمخاطرة في الأمور الطيبة كوسيلة لدفع المسؤولية المدنية : دراسة مقارنة = Acceptance of Risk in Medial Matters As A Means to Rebuttal Civil Library : A Comparative Study /
Statement of responsibility, etc. اعداد أحمد محمود أحمد ؛ اشراف أحمد فهد البطوش
260 ## - PUBLICATION, DISTRIBUTION, ETC.
Date of publication, distribution, etc. 2023
300 ## - PHYSICAL DESCRIPTION
Extent 110 ورقة
500 ## - GENERAL NOTE
General note رسالة جامعية (ماجستير) تخصص القانون / جامعة عجلون الوطنية ، 2023
650 7# - SUBJECT ADDED ENTRY--TOPICAL TERM
Form subdivision المسؤولية المدنية الطبية
700 #1 - ADDED ENTRY--PERSONAL NAME
Personal name البطوش، أحمد فهد
9 (RLIN) 59198
Relator term مشرف
942 ## - ADDED ENTRY ELEMENTS (KOHA)
Source of classification or shelving scheme Library of Congress Classification
Koha item type Reference
Suppress in OPAC No
Holdings
Withdrawn status Lost status Source of classification or shelving scheme Damaged status Not for loan Home library Current library Date acquired Total Checkouts Full call number Barcode Date last seen Price effective from Koha item type
    Library of Congress Classification     مكتبة جامعة عجلون الوطنية مكتبة جامعة عجلون الوطنية 31/03/2024   k4365.2023 a29592 31/03/2024 31/03/2024 Reference
    Library of Congress Classification     مكتبة جامعة عجلون الوطنية مكتبة جامعة عجلون الوطنية 31/03/2024   k4365.2023 a29593 31/03/2024 31/03/2024 Reference